[Event "10th Mumbai Mayors Cup 2017"]
[Site "Mumbai"]
[Date "2017.06.07"]
[Round "6"]
[White "Grover, Sahaj"]
[Black "Karthik, Venkataraman"]
[Result "1-0"]
[WhiteElo "2485"]
[BlackElo "2317"]
[Annotator "TA"]
[PlyCount "89"]
[EventDate "2017.06.04"]
[EventType "swiss"]
[EventCountry "IND"]
[SourceTitle "playchess.com"]
[Source "ChessBase"]
[SourceQuality "1"]

{[%evp 9,89,0,0,0,0,-4,47,47,49,37,60,39,43,28,42,25,47,42,75,65,77,69,72,43,57,12,28,0,0,0,29,-3,59,46,58,57,75,30,40,0,0,0,60,66,72,66,62,43,102,45,31,27,46,33,104,111,170,120,151,120,131,0,0,0,364,365,421,421,398,321,304,296,487,502,498,499,1668,903,3347,2193,29993,531]} 1. e4 g6 2. d4 Nf6 3. e5 Nh5 4. Be2 d6 5. Nc3 (5. exd6 Qxd6 6. Bf3 Nc6 7. Ne2 e5 8. d5 Ne7 9. O-O Bg7 10. c4 O-O 11. Nbc3 Nf6 12. Ng3 Nf5 13. Nxf5 Bxf5 {½-½ (42) Leko,P (2731)-Nepomniachtchi,I (2714) Sochi 2014}) 5... dxe5 6. dxe5 {B06: Modern Defence} Qxd1+ 7. Bxd1 c6 $146 (7... Bd7 $11) ({Predecessor:} 7... Bd7 8. Nf3 Nc6 9. h3 O-O-O 10. O-O f5 11. Re1 e6 12. g4 Ng7 {0-1 (28) Mouhamad,J (2224)-Sochacki,C (2431) Nimes 2014}) 8. Be3 $14 {White is slightly better.} Be6 9. f4 Bh6 10. Bxh5 (10. Nge2 {with more complications.} Na6 11. O-O f6 12. exf6 Nxf6 13. Nd4) 10... gxh5 11. Nf3 Na6 12. O-O Nc7 13. Nd4 O-O-O 14. Nxe6 Nxe6 15. Ne2 Ng7 16. Rf3 Nf5 17. Kf1 f6 18. e6 b6 19. Rh3 Rd5 20. Re1 Rhd8 (20... Rg8 $11) 21. Bc1 {Strongly threatening c4.} Ng7 22. Nc3 Rd4 23. g3 {[%cal Bg2g3,Bg3g4][%mdl 32]} Rc4 24. g4 {g5 is the strong threat.} (24. Be3 {is more complex.} Rd6 25. Re2 Kc7 26. Bf2 a5 27. Ke1) 24... Bxf4 25. b3 {[#]} Rxc3 (25... Bxc1 $1 $11 {[%mdl 512]} 26. bxc4 (26. Rxc1 Rf4+) 26... Bd2) 26. Rxc3 Bxc1 27. Rxc1 hxg4 28. Rxc6+ $11 {[%mdl 4096] Endgame KRR-KRN} Kb7 {[#]} (28... Kb8 $1 $14) 29. Rc4 (29. Rc3 $1 $16) 29... h5 $14 30. Re1 Nf5 31. Kf2 Nd6 ({Black should try} 31... Rd2+ $14 32. Re2 Rd1) 32. Rd4 $16 f5 (32... Rh8 $16 {was called for.}) 33. Ke3 Kc6 34. Kf4 Rg8 35. Kg3 ({Better is} 35. Ke5 $16) 35... Ne4+ $1 $11 36. Kf4 {aiming for Rd7.} g3 $2 {[%mdl 8192]} (36... Nd6 $1 $11 {and Black is okay.}) 37. hxg3 $18 ({Worse is} 37. Kxf5 gxh2 38. Rc4+ (38. Rdxe4 Rg1 $11) 38... Kb7 $11) 37... Rg4+ 38. Ke5 Rxg3 39. Rc4+ Kb7 40. Rd1 b5 $2 (40... Nf6 41. Kxf5 a6 42. Rd7+ Nxd7) 41. Rd7+ Kb6 42. Rc8 Nc5 (42... Re3 $142) 43. Rxe7 Re3+ 44. Kd5 {Threatening mate with Rc6+.} Na6 45. Rc6+ {Precision: White = 51%, Black = 38%.} 1-0

[Event "10th Mumbai Mayors Cup 2017"]
[Site "Mumbai"]
[Date "2017.06.07"]
[Round "6"]
[White "Deviatkin, Andrei"]
[Black "Raahul, V S"]
[Result "1-0"]
[WhiteElo "2481"]
[BlackElo "2282"]
[Annotator "TA"]
[PlyCount "73"]
[EventDate "2017.06.04"]
[EventType "swiss"]
[EventCountry "IND"]
[SourceTitle "playchess.com"]
[Source "ChessBase"]
[SourceQuality "1"]

{[%evp 14,73,30,20,21,18,22,18,26,20,35,37,43,36,386,407,383,256,362,-3,256,256,256,256,260,261,257,261,260,257,250,256,250,248,258,251,249,247,293,275,280,285,281,280,318,312,353,287,323,301,386,353,354,346,376,360,379,376,637,614,608,602]} 1. b3 e5 2. Bb2 Nc6 3. e3 d5 4. Bb5 Bd6 5. f4 Qe7 6. Nf3 Bg4 7. fxe5 Bxe5 8. Bxe5 Bxf3 $1 {A01: Nimzowitsch-Larsen Opening} 9. Qxf3 Qxe5 10. Nc3 {Threatening d4.} Nf6 {The position is equal.} 11. O-O Qd6 $146 ({Predecessor:} 11... O-O 12. Bxc6 bxc6 13. Qf4 Qe7 14. Rf3 Ne4 15. Nxe4 dxe4 16. Rf2 {1-0 (39) Rapport,R (2687)-Antipov,M (2511) Warsaw 2013}) 12. Qh3 O-O 13. Bd3 $36 {[%mdl 2048] Black is under pressure.} Rfc8 $2 {[%mdl 8192] [#]} (13... h6 $14) 14. Rxf6 $1 $18 {[%mdl 512]} Qxf6 15. Qxh7+ Kf8 16. Qh8+ Ke7 {[#]} 17. Qxc8 $1 {[%mdl 512]} Rxc8 18. Nxd5+ Ke6 19. Nxf6 Kxf6 {[%mdl 4096] Endgame KRB-KRN} 20. Be4 Nd8 21. Kf2 c5 22. Ke2 Ke5 23. Bd3 Rc6 24. Rf1 Rh6 25. h3 g6 26. a3 Rh4 27. c3 f5 28. Bc4 Nc6 29. d4+ Kd6 30. Kd3 a6 31. b4 cxb4 32. axb4 Ne7 33. Rf4 Rh8 34. h4 {[%cal Bh3h4,Bh4h5][%mdl 32]} Rc8 35. g3 Nd5 $2 (35... Kd7 36. Bf7 Rf8) 36. Bxd5 Kxd5 {[#]} 37. h5 $1 {Precision: White = 98%, Black = 47%.} 1-0

[Event "10th Mumbai Mayors Cup 2017"]
[Site "Mumbai"]
[Date "2017.06.07"]
[Round "6"]
[White "Deepan, Chakkravarthy J"]
[Black "Murshed, Niaz"]
[Result "1/2-1/2"]
[WhiteElo "2480"]
[BlackElo "2423"]
[Annotator "TA"]
[PlyCount "19"]
[EventDate "2017.06.04"]
[EventType "swiss"]
[EventCountry "IND"]
[SourceTitle "playchess.com"]
[Source "ChessBase"]
[SourceQuality "1"]

{[%evp 9,19,3,15,-4,19,0,0,10,3,-26,-4,-6]} 1. e4 d5 2. exd5 Qxd5 3. Nc3 Qd8 4. Bc4 Nf6 5. Nge2 (5. Nf3 e6 6. d4 Nc6 7. O-O Be7 8. Qe2 a6 9. Rd1 Nd5 10. a3 b5 11. Bxd5 exd5 12. Ne5 Nb8 13. Bg5 Be6 14. Bxe7 Qxe7 {1-0 (62) Baklan,V (2617)-Fridman,R (2479) Germany 2015}) 5... a6 6. a4 {B01: Scandinavian Defence} c5 7. O-O $146 ({Predecessor:} 7. d4 cxd4 8. Qxd4 Bd7 9. Be3 e6 10. Rd1 Nc6 11. Qb6 Qc8 12. Ba2 Nb4 {½-½ (75) Nikolova,A (2242)-Mikadze,M (2258) Gaziantep 2008}) 7... Nc6 8. d3 {[%cal Bd2d3,Bd3d4][%mdl 32]} e6 9. Be3 Be7 10. d4 1/2-1/2

[Event "10th Mumbai Mayors Cup 2017"]
[Site "Mumbai"]
[Date "2017.06.07"]
[Round "6"]
[White "Nguyen, Duc Hoa"]
[Black "Akash, Pc Iyer"]
[Result "1-0"]
[WhiteElo "2477"]
[BlackElo "2282"]
[Annotator "TA"]
[PlyCount "65"]
[EventDate "2017.06.04"]
[EventType "swiss"]
[EventCountry "IND"]
[SourceTitle "playchess.com"]
[Source "ChessBase"]
[SourceQuality "1"]

{[%evp 24,65,28,27,26,26,18,26,21,20,22,23,30,22,116,33,25,28,36,0,0,0,-8,-16,15,20,13,6,12,20,12,16,12,17,66,56,127,121,1301,1228,1271,1195,6175,6231]} 1. e4 c5 2. Nf3 Nc6 3. d4 cxd4 4. Nxd4 e5 5. Nb5 d6 6. c4 Be7 7. N1c3 a6 8. Na3 f5 9. exf5 Bxf5 10. Bd3 Be6 11. Qh5+ {B32: Sicilian: Löwenthal and Kalashnikov Variations} Bf7 12. Qh3 Nf6 13. Nc2 {LiveBook: 3 Games. White has an edge.} (13. O-O Nd4 14. Be3 Be6 15. Qh4 Nf5 16. Bxf5 Bxf5 17. Rad1 Qc8 18. c5 dxc5 {0-1 (61) Kasimdzhanov,R (2693)-Naiditsch,A (2706) Poznan 2014}) 13... Nd4 14. Nxd4 exd4 15. Nd5 $146 ({Predecessor:} 15. Ne2 d5 16. cxd5 Bb4+ 17. Kf1 Qxd5 18. b3 O-O {0-1 (26) Varga,D (2304)-Markos,J (2540) Banska Stiavnica 2012}) 15... Nxd5 16. cxd5 Qa5+ 17. Bd2 Qxd5 18. O-O Be6 {[#]} (18... Qh5 $1 $11 {remains equal.}) 19. Qg3 ({White should try} 19. g4 $1 $16) 19... O-O 20. Rfe1 {Hoping for Bc2.} Bf6 21. Be4 {[%mdl 1024] White has compensation.} Qb5 22. a4 Qd7 23. Qd3 g6 24. Bh6 {Black must now prevent Bxg6.} Rf7 $1 {[#]} 25. Bxb7 $1 {[%mdl 512]} Qxb7 26. Rxe6 Be5 27. Qc4 $1 Qc7 28. Qa2 Qc2 {[#]} 29. f4 $1 {[%mdl 512] Strongly threatening Re7.} Bg7 (29... d3 $2 30. Re7 $18) (29... Qf5 $14) (29... Bxf4 30. Bxf4) 30. Qd5 $40 {[%mdl 128] White goes for the king.} ({Not} 30. Re7 Raf8 $15) 30... Qxb2 $2 {[%mdl 8192]} (30... Rb8 $16 31. Bxg7 Kxg7) 31. Qxa8+ $18 {White is clearly winning.} Rf8 {[#]} 32. Qd5 $1 {[%mdl 512] Re7+ would kill now.} Qxa1+ 33. Re1+ $1 {Precision: White = 70%, Black = 47%.} 1-0

[Event "10th Mumbai Mayors Cup 2017"]
[Site "Mumbai"]
[Date "2017.06.07"]
[Round "6"]
[White "Babujian, Levon"]
[Black "Tukhaev, Adam"]
[Result "1/2-1/2"]
[WhiteElo "2438"]
[BlackElo "2567"]
[Annotator "TA"]
[PlyCount "137"]
[EventDate "2017.06.04"]
[EventType "swiss"]
[EventCountry "IND"]
[SourceTitle "playchess.com"]
[Source "ChessBase"]
[SourceQuality "1"]

{[%evp 9,137,61,71,66,81,72,103,85,82,86,86,102,143,145,158,130,176,108,146,116,120,109,114,112,128,118,102,72,88,5,7,1,42,0,0,0,0,0,0,0,0,0,0,-36,-12,-46,-46,-41,-39,-41,-38,-31,-32,-32,-42,-75,-64,-122,-54,-85,-64,-108,-91,-120,-92,-82,-94,-93,-51,-65,-33,-54,-53,-45,-31,-25,-10,-100,-100,-121,-120,-123,-82,-84,-68,-70,-45,-46,-49,-57,-33,-50,-52,-57,-57,-57,-57,-57,-57,-66,-65,-67,-64,-61,-58,-106,-104,-182,-330,-329,-329,-323,-326,-276,-236,-233,0,0,0,0,0,0,0,0,0,0,0,0,0,0]} 1. d4 Nf6 2. g3 c5 3. d5 b5 4. Bg2 Bb7 5. e4 e6 {LiveBook: 9 Games} (5... d6 6. Qe2 Qb6 7. a4 bxa4 8. Qc4 Nfd7 9. Qxa4 Qa6 10. Nd2 Qxa4 11. Rxa4 Nb6 12. Ra1 e6 {1-0 (56) Burmakin,V (2549)-Alvarado Diaz,A (2421) Benasque 2016}) 6. Nh3 {A45: Trompowsky Attack} Qa5+ $146 ({Predecessor:} 6... g6 7. O-O Bg7 8. dxe6 fxe6 9. Nc3 b4 10. Nb5 O-O 11. Nd6 Bc6 12. Be3 Qb6 {1-0 (33) Delorme,A (2429)-Stephan,V (2244) Troyes 2010}) 7. c3 c4 8. O-O {White is better.} Na6 9. Bg5 Nc5 10. Nd2 h6 11. Bxf6 gxf6 12. Nf4 Be7 13. Qg4 ({White should try} 13. a4 $18) 13... Kf8 14. Nh5 {Intending Qg7+ and mate.} Rg8 15. Qf4 {d6 is the strong threat.} Rg6 16. b4 cxb3 17. Nxb3 Qb6 ({Not} 17... Qxc3 $2 18. Rac1 $18) 18. Rfd1 Rc8 19. e5 ({Better is} 19. Nxc5 $16 Rxc5 20. Qe3) 19... fxe5 $11 20. Qxe5 {Black must now prevent Qh8+.} Kg8 {White should prevent ...Rg5.} (20... Bd6 $5 {[%cal Rd6e5]} 21. Qh8+ Ke7 $11) 21. dxe6 dxe6 22. Nxc5 Rxc5 23. Qb8+ Bc8 24. Qxb6 axb6 25. Nf4 Rgg5 26. Ne2 Rc4 27. Rd3 Rgc5 28. Rad1 Bf6 29. Rd6 b4 30. cxb4 Rxb4 31. Nf4 {Strongly threatening Nd3.} Be7 32. R6d3 Rc2 33. h4 (33. Rb3 $15) 33... Kf8 (33... Ra4 $1 $17 34. a3 Bxh4 $1 {[%mdl 512]}) 34. Rf3 $15 Ke8 35. a3 Rbc4 36. Rb3 Rc1 37. Rxc1 Rxc1+ 38. Kh2 Bd8 39. Bf3 Bd7 40. Kg2 Rc2 41. Nd3 Bc7 42. Nb4 Rd2 (42... Ba4 $5 {[%cal Ra4b3]} 43. Rd3 Rc4 $15) 43. Nd3 (43. Kf1 $11) 43... Bd6 $17 44. g4 Ba4 45. Rc3 Kd7 46. Be4 Re2 47. Bb7 Rc2 (47... Ke7 {seems wilder.} 48. Bc6 Bxc6+ 49. Rxc6 Re4 50. f4 Re3) 48. Rxc2 Bxc2 $15 {[%mdl 4096] Endgame KBB-KBN} 49. Nb4 Bg6 50. Bc6+ Ke7 51. Kf3 h5 52. g5 f6 53. gxf6+ Kxf6 54. Be4 Be8 55. Ke3 Bc5+ 56. Kf3 Ba4 57. Nc2 Ke5 58. Bg6 (58. Ne3 $17) 58... Bc6+ $1 $19 59. Ke2 {[#]} Be4 $1 {[%cal Re4g6]} 60. Bxe4 Kxe4 {KB-KN} 61. a4 Be7 62. f3+ {[#]} Kf4 $2 (62... Kd5 $1 $19 63. Ne3+ Kd4) 63. Nd4 $11 {The position is equal.} e5 64. Nc6 $1 {[%cal Rc6e7]} Bxh4 {Hoping for ...Kg3.} 65. a5 bxa5 66. Nxa5 Kg3 67. Nc4 Bf6 (67... e4 $5 68. fxe4 Bd8 $11) 68. Kf1 Kxf3 {[#]} 69. Nxe5+ $1 {[%mdl 512] Precision: White = 44%, Black = 51%.} 1/2-1/2

[Event "10th Mumbai Mayors Cup 2017"]
[Site "Mumbai"]
[Date "2017.06.07"]
[Round "6"]
[White "Nitin, S."]
[Black "Nitish, Belurkar"]
[Result "1/2-1/2"]
[WhiteElo "2427"]
[BlackElo "2279"]
[Annotator "TA"]
[PlyCount "68"]
[EventDate "2017.06.04"]
[EventType "swiss"]
[EventCountry "IND"]
[SourceTitle "playchess.com"]
[Source "ChessBase"]
[SourceQuality "1"]

{[%evp 15,68,28,22,0,0,-22,-17,-47,0,-38,-52,-48,0,-39,-32,-86,-60,-56,-61,-40,0,3,0,8,19,31,61,61,59,19,25,27,26,37,32,29,22,10,24,31,27,21,19,0,8,10,12,8,9,-8,14,6,16,-67,-67]} 1. e4 e6 2. d4 d5 3. Bd3 dxe4 4. Bxe4 Nf6 5. Bf3 c5 6. Ne2 cxd4 {C01: French: Exchange Variation} 7. Qxd4 Nbd7 8. Nbc3 Bc5 {LiveBook: 3 Games. White has an edge.} 9. Qh4 $146 ({Predecessor:} 9. Qf4 Qe7 10. O-O Bd6 11. Qh4 Ne5 12. Bg5 h6 13. Be4 O-O 14. Bxf6 Qxf6 15. Qxf6 gxf6 {0-1 (51) Carlsen,M (2837)-Grischuk,A (2763) Astana 2012}) 9... Ne5 10. Bg5 (10. Qg3 $5 {[%cal Rg3e5]} Nxf3+ 11. gxf3 $11) 10... h6 11. Bd2 O-O {[#] White must now prevent ...Nfg4.} (11... Ng6 $5 {[%cal Rg6h4]} 12. Qc4 Bxf2+ 13. Kxf2 Qxd2 $15) 12. Qg3 Bd6 13. Qh4 Bc5 {Strongly threatening ...Nfg4.} 14. O-O-O Nfg4 (14... Ng6 $5 {[%cal Rg6h4]} 15. Qc4 Qe7 $11) 15. Qh5 (15. Qxd8 $15 Rxd8 16. Bf4 Rxd1+ 17. Rxd1) 15... f5 16. Bxg4 Nxg4 17. Ne4 Be7 ({Don't play} 17... fxe4 18. Qxg4 e5 19. Qxe4 $11) 18. h3 $36 {[%mdl 2048] White is more active.} Nf6 19. Nxf6+ Bxf6 20. Bc3 Qe7 21. Bxf6 Qxf6 22. Nf4 e5 23. Nd5 Qf7 24. Qxf7+ Rxf7 25. Rhe1 e4 26. f3 exf3 $1 27. gxf3 {[#] And now Ne7+ would win.} b6 28. f4 (28. Ne7+ {keeps more tension.} Kh7 29. Re5 Bb7 30. f4 Bf3 31. Rd6) 28... Bb7 29. Re5 Bxd5 30. Rdxd5 Raf8 31. h4 Kh7 32. Re6 Rf6 33. Re7 R8f7 34. Ree5 (34. Rdd7 $1 $11 Rxe7 35. Rxe7) 34... Kg6 $1 {Precision: White = 33%, Black = 68%.} 1/2-1/2

[Event "10th Mumbai Mayors Cup 2017"]
[Site "Mumbai"]
[Date "2017.06.07"]
[Round "6"]
[White "Raghunandan, Kaumandur Srihari"]
[Black "Amonatov, Farrukh"]
[Result "0-1"]
[WhiteElo "2410"]
[BlackElo "2635"]
[Annotator "TA"]
[PlyCount "62"]
[EventDate "2017.06.04"]
[EventType "swiss"]
[EventCountry "IND"]
[SourceTitle "playchess.com"]
[Source "ChessBase"]
[SourceQuality "1"]

{[%evp 21,62,31,77,54,42,49,33,-6,12,19,11,-83,-90,-60,-53,-43,-41,-50,-28,-213,-206,-213,-205,-222,-82,-26,-52,-143,-115,-140,-135,-333,-327,-29988,-29989,-29989,-29990,-29990,-29991,-29991,-29992,-29992,-1450]} 1. d4 Nf6 2. Nf3 g6 3. c4 Bg7 4. Nc3 O-O 5. e4 d6 6. Be2 Nbd7 7. O-O e5 8. Be3 Ng4 9. Bg5 f6 10. Bc1 c6 11. Qc2 {E94: King's Indian: Classical: 6 Be2 e5 7 0-0: Various Black 7th moves} Qe7 {LiveBook: 3 Games} 12. Rd1 exd4 $146 ({Predecessor:} 12... Nh6 13. dxe5 dxe5 14. h3 f5 15. a3 f4 16. b4 Nf7 17. c5 Nf6 18. Bc4 {½-½ (27) Hujbert,F (2387)-Markus,R (2635) Hungary 2012}) 13. Nxd4 {White is slightly better.} f5 14. g3 {[%cal Re4f5]} (14. h3 $5 {[%cal Rh3g4]} Bxd4 15. Rxd4 $11) 14... Nc5 {[%cal Rf5e4]} 15. exf5 gxf5 {next ...f4! is good for Black.} 16. h3 (16. Bf4 $11 Bxd4 17. Rxd4) 16... Nxf2 $1 $17 17. Kxf2 f4 $1 {[%cal Rf4g3]} 18. Bxf4 Rxf4+ 19. gxf4 Qh4+ 20. Kg1 $2 {[#]} (20. Ke3 $11 Bd7 21. Bf3) 20... Qg3+ $1 $19 ({Not} 20... Qxf4 21. Kh1 $11) 21. Kh1 {aiming for Bg4!} Qxh3+ 22. Kg1 {[#] Bf1 is the strong threat.} Bxd4+ $2 (22... Qg3+ $1 $19 23. Kh1 Qh3+ 24. Kg1 Qe3+ 25. Kg2 Bxd4 26. Rxd4 Qxd4) 23. Rxd4 $11 Qe3+ $40 {[%mdl 128] Black mounts an attack.} 24. Kh1 (24. Kg2 $1 $15 Qxd4 25. Rh1 Qg7+ 26. Kf2) 24... Qxd4 $17 25. Rg1+ Kh8 26. b4 $2 (26. Rg5 $17 {is a better defense.}) 26... Qxf4 $19 {( -> ...Qh4+)} 27. bxc5 $2 (27. Bf1 $19 Bf5 28. Qg2) 27... Qh4+ {Black mates.} 28. Kg2 Bh3+ 29. Kf3 Rf8+ 30. Ke3 Qf4+ 31. Kd3 Bf5+ {Precision: White = 19%, Black = 80%.} 0-1

[Event "10th Mumbai Mayors Cup 2017"]
[Site "Mumbai"]
[Date "2017.06.07"]
[Round "6"]
[White "Das, Sayantan"]
[Black "Mollah, Abdullah Al Rakib"]
[Result "1/2-1/2"]
[WhiteElo "2401"]
[BlackElo "2484"]
[Annotator "TA"]
[PlyCount "29"]
[EventDate "2017.06.04"]
[EventType "swiss"]
[EventCountry "IND"]
[SourceTitle "playchess.com"]
[Source "ChessBase"]
[SourceQuality "1"]

{[%evp 13,29,33,36,19,29,2,33,16,10,10,0,16,11,-9,-6,0,49,-18]} 1. e4 e5 2. Nf3 Nc6 3. Bb5 a6 4. Ba4 d6 5. O-O Nf6 6. c3 Bd7 7. d4 g6 {LiveBook: 49 Games. C79: Ruy Lopez: Steinitz-type lines with 3...a6 4 Ba4 Nf6 5 0-0 d6} 8. Bg5 {Strongly threatening Bxc6.} h6 9. Bh4 $146 (9. Bxf6 $5 Qxf6 10. d5 $14) ({Predecessor:} 9. Bxf6 Qxf6 10. d5 Nb8 11. Qb3 Ra7 12. c4 Bg7 13. Qe3 b6 14. Nc3 O-O 15. Ne1 {1-0 (60) Tarlev,K (2586)-Triapishko,O (2474) Sochi 2016}) 9... Be7 {The position is equal.} 10. dxe5 Nxe5 11. Nbd2 b5 12. Bb3 Nh5 13. Bxe7 Qxe7 14. Nd4 Qf6 15. Ne2 (15. g3 $14) 1/2-1/2

[Event "10th Mumbai Mayors Cup 2017"]
[Site "Mumbai"]
[Date "2017.06.07"]
[Round "6"]
[White "Saravana, Krishnan P"]
[Black "Karthikeyan, P."]
[Result "1/2-1/2"]
[WhiteElo "2353"]
[BlackElo "2502"]
[Annotator "TA"]
[PlyCount "79"]
[EventDate "2017.06.04"]
[EventType "swiss"]
[EventCountry "IND"]
[SourceTitle "playchess.com"]
[Source "ChessBase"]
[SourceQuality "1"]

{[%evp 15,79,62,60,50,64,55,83,68,64,83,84,-19,-28,-16,-27,-38,-4,-60,-83,-69,-65,-86,-97,-150,-163,-172,-87,-258,-217,-265,-241,-235,-227,-225,-227,-244,-214,-362,-321,-352,-202,-200,-196,-206,-153,-209,-93,-94,-92,-156,-159,-145,-124,-127,-136,-132,-128,-149,-147,-144,-132,-168,-47,-40,-33,-75]} 1. d4 Nf6 2. c4 e6 3. Nf3 b6 4. a3 Bb7 5. Nc3 g6 6. Qc2 Bxf3 7. exf3 Nc6 {[%cal Bb8c6,Bc6e7,Be7f5][%mdl 32] E12: Queen's Indian: Unusual White 4th moves, 4 a3, 4 Nc3 Bb7 5 a3 and 4 Nc3 Bb7} 8. Be3 Bg7 {LiveBook: 10 Games} 9. d5 (9. O-O-O O-O 10. g4 d5 11. Kb1 Na5 12. cxd5 Nxd5 13. h4 Nxc3+ 14. Qxc3 c5 15. Qd3 cxd4 16. Bxd4 Bxd4 17. Qxd4 Qxd4 18. Rxd4 {0-1 (39) Grachev,B (2693)-Shirov,A (2709) Jurmala 2013}) 9... Ne7 {[%cal Re6d5] White is slightly better.} 10. O-O-O Nf5 11. dxe6 $146 ({Predecessor:} 11. Bg5 h6 12. Bf4 Nh5 13. Be3 exd5 14. cxd5 Nxe3 15. fxe3 {0-1 (41) Cocchi,A (2322)-David,A (2580) Rome 2013}) 11... fxe6 12. Bg5 c5 13. Nb5 (13. Ne2 $16) 13... a6 $1 $11 {[%cal Ra6b5]} 14. Nd6+ Nxd6 15. Rxd6 Qc7 16. Rd2 ({Better is} 16. Qd1 $11) 16... O-O $1 $15 17. h4 b5 $1 18. g4 ({Reject} 18. cxb5 axb5 19. Bxb5 Nd5 $11) 18... bxc4 19. Bxc4 (19. h5 $142) 19... d5 $17 20. Ba2 c4 (20... Nd7 $19 21. h5 Rfb8 22. hxg6 Rxb2) 21. Re2 $2 (21. h5 $17 {was the only defense.}) 21... Qf7 {White must now prevent ...Nd7.} 22. Rhe1 Rfe8 23. h5 Nd7 ({Don't take} 23... gxh5 24. gxh5 Qxh5 25. Qd2) 24. hxg6 hxg6 25. Bb1 Nf8 26. f4 (26. Qd2 {is the only way for White.}) 26... Rab8 $19 27. Re5 d4 (27... Rb3 $142 28. Ba2 Bxe5 29. fxe5 Rf3) 28. Rc5 {[#]} Qb7 $1 {Strongly threatening ...d3.} 29. b4 cxb3 30. Qe4 {intending Qxb7.} Rec8 (30... Qb6 $19 {is more deadly.} 31. Qc6 b2+ 32. Kd2 Qb3) 31. Rxc8 $17 Rxc8+ 32. Kd1 (32. Kd2 $142 Qa7 33. f5) 32... Qxe4 33. Bxe4 Kf7 34. f5 {[#] Threatens to win with fxe6+.} gxf5 35. gxf5 Rc5 36. fxe6+ Nxe6 37. Bd2 a5 38. a4 Be5 ({Black should try} 38... b2 $19 {...Rc4 is the strong threat.} 39. Rg1 Ke7) 39. f4 $15 Bf6 {aiming for ...b2.} 40. Ke2 {Precision: White = 44%, Black = 59%.} 1/2-1/2

[Event "10th Mumbai Mayors Cup 2017"]
[Site "Mumbai"]
[Date "2017.06.07"]
[Round "6"]
[White "Sai, Krishna G V"]
[Black "Rahman, Syed Mahfuzur"]
[Result "1-0"]
[WhiteElo "2339"]
[BlackElo "2260"]
[Annotator "NA"]
[PlyCount "46"]
[EventDate "2017.06.04"]
[EventType "swiss"]
[EventCountry "IND"]
[SourceTitle "playchess.com"]
[Source "ChessBase"]
[SourceQuality "1"]
[TimeControl "5400+30"]

1. e4 c5 2. Nf3 Nc6 3. Nc3 Nf6 4. Bb5 Nd4 5. e5 Nxb5 6. Nxb5 Nd5 7. Qe2 e6 8. d4 a6 9. c4 Nb4 10. Nc3 cxd4 11. Nxd4 d6 12. O-O dxe5 13. Qxe5 Nd3 14. Qe4 Nxc1 15. Raxc1 Be7 16. Nb3 $11 (16. b4 $5) 16... Qc7 17. Rfe1 O-O 18. Nd5 exd5 19. cxd5 Qd8 20. Qxe7 Qxe7 21. Rxe7 Bf5 22. Rcc7 Rfd8 23. Red7 Kf8 1-0

[Event "10th Mumbai Mayors Cup 2017"]
[Site "Mumbai"]
[Date "2017.06.07"]
[Round "6"]
[White "Sangma, Rahul"]
[Black "Pranav, Shetty"]
[Result "1/2-1/2"]
[WhiteElo "2337"]
[BlackElo "2200"]
[Annotator "TA"]
[PlyCount "56"]
[EventDate "2017.06.04"]
[EventType "swiss"]
[EventCountry "IND"]
[SourceTitle "playchess.com"]
[Source "ChessBase"]
[SourceQuality "1"]

{[%evp 28,56,16,-8,-16,-76,0,0,102,96,104,41,40,0,0,50,72,0,0,0,0,0,0,0,0,0,0,0,0,0,0]} 1. e4 c5 2. Nf3 d6 3. d4 cxd4 4. Nxd4 Nf6 5. f3 e5 6. Bb5+ Nbd7 7. Nf5 d5 8. exd5 a6 9. Ba4 b5 10. Bb3 Nc5 {B55: Sicilian: 2...d6 3 d4 cxd4 4 Nxd4 Nf6 5 f3} 11. Ne3 Nxb3 12. axb3 Bc5 13. c4 Nh5 14. g3 O-O 15. Nc3 {LiveBook: 4 Games} f5 {[#]} 16. Ng2 $146 (16. Nc2 $11) ({Predecessor:} 16. Nc2 f4 17. Ne4 Ba7 18. Nb4 {0-1 (40) Yemelin,V (2568)-Volokitin,A (2686) Brasov 2011}) 16... b4 (16... f4 $17 17. Ne4 Qb6) 17. Na4 $11 Bd4 (17... Ba7 $1 $11) 18. f4 $16 Qe8 {[#] aiming for ...exf4+.} 19. Qe2 ({White should try} 19. fxe5 $1 $16 Qxe5+ 20. Qe2) 19... exf4 20. Nxf4 (20. Bxf4 $5 {[%cal Rf4d6]} Bd7 21. Kd2 $16) 20... Nxf4 21. Bxf4 {Strongly threatening Rd1.} g5 $1 {[%cal Rg5f4] [#]} 22. Bd6 ({Resist} 22. Bxg5 Qg6 $16) (22. Rd1 $1 $16 {[%cal Rd1d4]} Ba7 23. Bd6 (23. Bxg5 f4 $16)) 22... f4 $1 $11 {The position is equal.} 23. Bxf8 Bg4 $1 $36 {[%csl Gg4][%cal Re8e2][%mdl 2048] Black fights for an advantage.} 24. Qxe8 $1 (24. Qe7 Qg6 $19) 24... Rxe8+ 25. Kd2 Be3+ 26. Kd3 Bf5+ 27. Ke2 Bg4+ 28. Kd3 (28. Ke1 $5 {[%cal Rf8b4]} Kxf8 29. Kf1 $11) 28... Bf5+ 1/2-1/2